Coupes du monde de foot en images - Click quiz - Statistiques

Statistiques générales
  • Ce quiz a été pris 243 fois
  • Le résultat moyen est 11 sur 20
Statistiques - réponses
Hint Réponse % Correct
2018
93%
2022
90%
2006
87%
1998
84%
2002
83%
2014
67%
1986
60%
1966
58%
2010
58%
1994
57%
1974
44%
1990
42%
1978
41%
1970
38%
1982
37%
1930
35%
1934
31%
1962
26%
1938
21%
1950
19%
Aucun quiz correspondant
Distribution des résultats
% des personnes avec chaque résultat
Percentile par nombre de réponses
Votre historique - résultats
Vous n’avez pas pris ce quiz